| 000 | 00987cam a22003137a 4500 | ||
|---|---|---|---|
| 999 |
_c15995 _d15995 |
||
| 001 | 16230721 | ||
| 005 | 20210204101240.0 | ||
| 008 | 100513s2010 enk 000 j eng | ||
| 010 | _a 2010362956 | ||
| 015 |
_aGBA9B1044 _2bnb |
||
| 016 | 7 |
_a015421361 _2Uk |
|
| 020 | _a9780571249800 (pbk.) | ||
| 020 | _a0571249809 (pbk.) | ||
| 035 | _a(OCoLC)ocn467755301 | ||
| 040 |
_aUKM _cUKM _dYDXCP _dBWKUK _dBWK _dDLC |
||
| 042 | _alccopycat | ||
| 050 | 0 | 0 |
_aPR6061.U68 _bA6 2010 |
| 082 | 0 | 4 |
_aDC 823.914 _22010 _bK965 |
| 100 | 1 |
_aKureishi, Hanif. _942896 |
|
| 240 | 1 | 0 |
_aShort stories. _kSelections |
| 245 | 1 | 0 |
_aCollected stories / _cHanif Kureishi. |
| 260 |
_aLondon : _bFaber and Faber, _c2010. |
||
| 300 |
_avi, 671 pages ; _c24 cm. |
||
| 650 |
_aShort stories _vCollection _942897 |
||
| 365 | _b230.00 | ||
| 906 |
_a7 _bcbc _ccopycat _d2 _encip _f20 _gy-gencatlg |
||
| 942 |
_2ddc _cDC |
||